000 02374cam a2200517 4500500
005 20260322003810.0
041 _afre
042 _adc
100 1 0 _aRéant, Audrey
_eauthor
700 1 0 _aSajot, Florence
_eauthor
700 1 0 _aMahieus, Hélène
_eauthor
700 1 0 _aLenglet, Isabelle
_eauthor
700 1 0 _aCormont, Olivier
_eauthor
245 0 0 _aDoc’PREFAS. Fabrique et usages de la veille collaborative pour valoriser la recherche en travail social
260 _c2026.
500 _a17
520 _aDoc’PREFAS is a collaborative monitoring project led by information professionals, dedicated to promoting research in the field of social work. Its objective is to provide a concrete, structured, and tailored response to the information needs of professionals in the sector and illustrates the added value of information expertise in a professional environment rich in reflections, innovations, and diverse practices.
520 _aDoc’PREFAS est un projet de veille collaborative animé par des documentalistes, au service de la valorisation de la recherche dans le champ du travail social. Il a pour objectif d’apporter une réponse concrète, structurée et adaptée aux besoins d’information des acteurs du secteur et illustre la valeur ajoutée de l’expertise documentaire dans un environnement professionnel riche en réflexions, en innovations et en diversité de pratiques.
690 _aactualité
690 _acollaboration
690 _adocumentaliste
690 _adocumentation
690 _alettre de veille
690 _amutualisation
690 _anewsletter
690 _aPREFAS
690 _apublication
690 _arecherche
690 _aveille collaborative
690 _aveille informationnelle
690 _aveille scientifique
690 _acollaboration
690 _acollaborative monitoring
690 _adocumentation
690 _ainformation monitoring
690 _ainformation professional
690 _amonitoring newsletter
690 _anews
690 _aPREFAS
690 _apublication
690 _aresearch
690 _aresource sharing
690 _ascientific monitoring
786 0 _nSociographe | 93 | 1 | 2026-02-27 | p. 121-130 | 1297-6628
856 4 1 _uhttps://shs.cairn.info/revue-sociographe-2026-1-page-121?lang=fr&redirect-ssocas=7080
999 _c1735036
_d1735036